| 000 | 00706nmc a2200277 a 4500 | ||
|---|---|---|---|
| 003 | AR-BaBNM | ||
| 005 | 20251128203312.0 | ||
| 008 | 011101s1991 ||||||||||||||000 | spa|| | ||
| 020 | _a950-525-132-7 | ||
| 040 | _cAR-BaBNM | ||
| 100 | 1 | _aAmarante, Ana María | |
| 245 | 1 | 0 | _aLa evangelización por las asignaturas |
| 250 | _a1ª ed. | ||
| 260 |
_aBuenos Aires _bStella _c1991 |
||
| 300 | 0 | _a31 p. | |
| 490 | 0 |
_aCuadernos pedagógicos _vv. 14 |
|
| 504 | _aBibliografía en p. 30 | ||
| 650 | 4 | _aEDUCACION RELIGIOSA | |
| 650 | 4 | _aEDUCACION CRISTIANA | |
| 650 | 4 | _aRELIGION | |
| 650 | 4 | _aAPRENDIZAJE | |
| 650 | 4 | _aCULTURA | |
| 650 | 4 | _aESCUELAS CONFESIONALES | |
| 942 | _cBK | ||
| 998 | _cMarce | ||
| 999 |
_c2789 _d2789 |
||